000 00573nam a2200193Ii 4500
003 JO-AjNU
008 230605s9999||||xx |||||||||||||| ||und||
040 _aJO-AjNU
_bara
_erda
_cJO-AjNU
041 _aara
050 1 4 _aPJ7802 1900
100 3 _aتأليف سكوت،و.ر,
_eauthor
_917647
245 0 0 _aالزوجة العذراء
264 3 1 _aبيروت:المكتبة الثقافية،1900
300 _a61ص
336 _atext
_btxt
_2rdacontent
337 _aunmediated
_bn
_2rdamedia
338 _avolume
_bnc
_2rdacarrier
650 4 _aقصص مترجمة
_917648
999 _aA5495
_c9063
_d9063